Normal view MARC view

Entry Personal Name

Number of records used in: 1

001 - CONTROL NUMBER

  • control field: 139

003 - CONTROL NUMBER IDENTIFIER

  • control field: DLC

005 - DATE AND TIME OF LATEST TRANSACTION

  • control field: 20191113143614.0

008 - FIXED-LENGTH DATA ELEMENTS

  • fixed length control field: 910808n| azannaabn |a aaa

010 ## - LIBRARY OF CONGRESS CONTROL NUMBER

  • LC control number: n 89113435
  • Canceled/invalid LC control number: n 91006018
  • Canceled/invalid LC control number: no 99042162

035 ## - SYSTEM CONTROL NUMBER

  • System control number: (OCoLC)oca02997731

040 ## - CATALOGING SOURCE

  • Original cataloging agency: DLC
  • Language of cataloging: eng
  • Description conventions: rda
  • Transcribing agency: DLC
  • Modifying agency: DLC
  • Modifying agency: MdRoLAC
  • Modifying agency: DLC

046 ## - SPECIAL CODED DATES

  • Birth date: 1958
  • Source of date scheme: edtf

100 1# - HEADING--PERSONAL NAME

  • Personal name: Chakrabarty, Bidyut,
  • Dates associated with a name: 1958-

370 ## - ASSOCIATED PLACE

  • Associated country: India
  • Source of term: lcsh

372 ## - FIELD OF ACTIVITY

  • Field of activity: Political science
  • Source of term: lcsh

374 ## - OCCUPATION

  • Occupation: College teachers
  • Source of term: lcsh

375 ## - GENDER

  • Gender: Males
  • Source of term: lcsh

400 0# - SEE FROM TRACING--PERSONAL NAME

  • Personal name: Bidyut Chakrabarty,
  • Dates associated with a name: 1958-

400 1# - SEE FROM TRACING--PERSONAL NAME

  • Personal name: Chakraborty, Bidyut,
  • Dates associated with a name: 1958-

670 ## - SOURCE DATA FOUND

  • Source citation: Secularism and Indian polity, 1990:
  • Information found: t.p. (Bidyut Chakrabarty) jkt. (b. 1958; reader, G.B. Pant Social Sc. Inst., Allahabad)

670 ## - SOURCE DATA FOUND

  • Source citation: Social movements in contemporary India, 1999:
  • Information found: t.p. (Bidyut Chakraborty) jkt. (teaches pol. sc. in U. of Delhi)

670 ## - SOURCE DATA FOUND

  • Source citation: Local governance in India, 2018:
  • Information found: ECIP title page (Bidyut Chakrabarty) data view (Department of Political Science, University of Delhi, New Delhi)

670 ## - SOURCE DATA FOUND

  • Source citation: India, Democracy and Constitutional Identity, 2018
  • Information found: ECIP data view ("Bidyut Chakrabarty is vice-chancellor of Visva Bharati University, West Bengal")

670 ## - SOURCE DATA FOUND

  • Source citation: The Times of India, Nov. 10, 2018, viewed Jan. 16, 2019
  • Information found: "Bidyut Chakrabarty takes over as VC of Visva Bharati University" (Professor Bidyut Chakrabarty, appointed Oct. 8, from the department of political science in Delhi University ... PhD from the London School of Economics and specialises in public administration),

Powered by Koha